Advanced Accounts Vol-I (Record no. 9211)

MARC details
000 -LEADER
fixed length control field 00318nam a22001457a 4500
003 - CONTROL NUMBER IDENTIFIER
control field OSt
008 - FIXED-LENGTH DATA ELEMENTS--GENERAL INFORMATION
fixed length control field 201119b ||||| |||| 00| 0 eng d
100 ## - MAIN ENTRY--PERSONAL NAME
Personal name SHUKLA, M.C
245 ## - TITLE STATEMENT
Title Advanced Accounts Vol-I
250 ## - EDITION STATEMENT
Edition statement Rep
260 ## - PUBLICATION, DISTRIBUTION, ETC. (IMPRINT)
Place of publication, distribution, etc New Delhi
Name of publisher, distributor, etc S.Chand
Date of publication, distribution, etc 2020
300 ## - PHYSICAL DESCRIPTION
Extent Misc
650 ## - SUBJECT ADDED ENTRY--TOPICAL TERM
Topical term or geographic name as entry element B.Com
942 ## - ADDED ENTRY ELEMENTS (KOHA)
Source of classification or shelving scheme Dewey Decimal Classification
Koha item type Text Books
Holdings
Withdrawn status Lost status Source of classification or shelving scheme Damaged status Not for loan Collection code Home library Current library Date acquired Source of acquisition Currency Cost, normal purchase price Bill Number Total Checkouts Acc. no. / Barcode Date last seen Actual Cost, discounted price Bill Date Koha item type Date last borrowed
    Dewey Decimal Classification     B.Com PIET NCR College Library PIET NCR College Library 19/11/2020 Kirti Prakashan In Rupess 699.00 IN360   N287 19/11/2020 503.28 19/11/2020 Text Books  
    Dewey Decimal Classification     B.Com PIET NCR College Library PIET NCR College Library 19/11/2020 Kirti Prakashan In Rupess 699.00 IN360 2 N288 28/02/2022 503.28 19/11/2020 Text Books 03/01/2022
    Dewey Decimal Classification     B.Com PIET NCR College Library PIET NCR College Library 19/11/2020 Kirti Prakashan In Rupess 699.00 IN360   N289 19/11/2020 503.28 19/11/2020 Reference Books  

Design & Developed by: PIET Central Library
R70 Miles Stone Pattikalyana Samalkha Panipat 132102
mail ID :- [email protected], Phone No:- 0180-2569700 Ex.216